00798nam a2200205 a 450000100100000000500170001000800410002704000250006808200150009310000510010824500420015926000310020130000180023249000150025050400270026559000750029283000220036795201860038999900170057500003537620200930074309.0111028s1959 sp 000 0 spa d aDO-SdBNPbspacBNPHU axxxxbxxxx1 aGoethe, Johann Wolfgang Von,d1749-183291299510aFausto /cJohann Von Wolfgang Goethe. aMadrid, :bAguilar,c1959. a571 p. ;c13.1 aCrisolv13 aBibliografía : p. 17 aPerteneció a la biblioteca personal de Juan Isidro Jimenes Grullón 0aCrisoln13961189 001050718MOaGRbGRcHDd2011-10-28iLF1l0oxxxx xxxxp35376-10r2020-06-25w2020-06-25y1zPerteneció a la biblioteca personal de Juan Isidro Jimenes Grullón.ZNo se presta c34867d34867